000 00351nam a2200133Ia 4500
008 240624s9999 xx 000 0 und d
041 _aeng
082 _a823 CRU
100 _aCRUMPTON HENRY A
245 _aART OF INTELLIGENCE LESSONS FROM A LIFE
260 _c2012
_aNew Delhi
_bThe Penguin Press
300 _a338 : p. : cm. ; 24
365 _cRS
_b25
999 _c19840
_d19840